[Event "AUTO-MASTER-3297"]
[Site "http://www.queenalice.com/game.php?id=1869745"]
[Date "2026.2.25"]
[Round "1"]
[White "stoyan1"]
[Black "Capixaba789"]
[Result "0-1"]
[WhiteElo "2065"]
[BlackElo "1901"]

1. d4 d5 2. Nf3 Nf6 3. Nc3 e6 4. e3 Be7 5. Bd3 c6 6. a3 O-O 7. O-O Nbd7 8. Ne2
Bd6 9. b4 e5 10. dxe5 Nxe5 11. Nxe5 Bxe5 12. Rb1 Bg4 13. h3 Bh5 14. Qe1 Bc7 15.
Bb2 Qd6 16. Nf4 Bg6 17. Bxg6 fxg6 18. Nd3 Qh2# 0-1

[Event "AUTO-MASTER-3297"]
[Site "http://www.queenalice.com/game.php?id=1869764"]
[Date "2026.2.25"]
[Round "1"]
[White "stoyan1"]
[Black "Guilherme_Ottoni"]
[Result "0-1"]
[WhiteElo "2044"]
[BlackElo "2231"]

1. e4 c5 2. Nf3 e6 3. c3 d5 4. Bb5+ Bd7 5. Bxd7+ Qxd7 6. exd5 Qxd5 7. d3 Nc6 8.
c4 Qd7 9. O-O Nf6 10. Nc3 Be7 11. Re1 Rd8 12. Ne4 Nxe4 13. Rxe4 Qxd3 14. Qxd3
Rxd3 15. Bg5 Bxg5 16. Nxg5 h6 17. Rh4 O-O 18. Nf3 Rfd8 19. Kf1 Rd1+ 20. Rxd1
Rxd1+ 21. Ke2 Rb1 22. b3 Rb2+ 23. Nd2 Nd4+ 24. Kd3 Rxa2 25. Re4 f6 26. Re1 Kf7
27. Rb1 Nc6 28. Kc3 Nb4 29. Rc1 Ra6 30. Ne4 Na2+ 31. Kb2 Nxc1 32. Kxc1 b6 33.
Kb2 Ke7 34. f4 b5 35. Nxc5 Rc6 36. Ne4 bxc4 37. b4 a6 38. Kc3 e5 39. f5 Kf7 40.
Nd2 g6 41. g4 h5 42. h3 hxg4 43. hxg4 gxf5 44. gxf5 Rc8 45. Nxc4 Ke7 46. Kb3
Rxc4 47. Kxc4 Kd6 48. Kc3 Kd5 49. Kd3 e4+ 50. Kc3 Ke5 0-1

[Event "AUTO-MASTER-3276"]
[Site "http://www.queenalice.com/game.php?id=1870146"]
[Date "2026.3.6"]
[Round "2"]
[White "tucuman10"]
[Black "stoyan1"]
[Result "1-0"]
[WhiteElo "2351"]
[BlackElo "2035"]

1. d4 e5 2. dxe5 d6 3. exd6 Bxd6 4. Nc3 Nc6 5. Nb5 Bf5 6. c3 Qe7 7. Nxd6+ cxd6
8. Bf4 Rd8 9. Nf3 h6 10. Nd4 Nxd4 11. Qxd4 Qe4 12. Qxg7 Qxf4 13. Qxh8 Ke7 14. e3
Qg5 15. Qd4 b6 16. Qa4 Rd7 17. O-O-O Nf6 18. f4 Qg6 19. Bb5 Rc7 20. Qd4 Nd7 21.
g4 Qxg4 22. Qxd6+ 1-0

[Event "AUTO-MASTER-3276"]
[Site "http://www.queenalice.com/game.php?id=1870147"]
[Date "2026.3.6"]
[Round "2"]
[White "stoyan1"]
[Black "tucuman10"]
[Result "0-1"]
[WhiteElo "2032"]
[BlackElo "2354"]

1. e4 e6 2. Nf3 d5 3. e5 Nc6 4. c3 d4 5. Bb5 Ne7 6. Nxd4 Qd5 7. Bxc6+ Nxc6 8.
Qf3 Nxe5 9. Qxd5 exd5 10. O-O Bd6 11. Re1 Kd8 12. b3 Nd3 13. Rd1 Re8 14. Ba3 c5
15. Nf3 Bg4 16. c4 d4 17. Bc1 Re6 18. Na3 Bxf3 19. gxf3 Rg6+ 20. Kf1 Bxh2 21.
Re1 Nxe1 22. Kxe1 d3 0-1

[Event "AUTO-MASTER-3276"]
[Site "http://www.queenalice.com/game.php?id=1870150"]
[Date "2026.3.6"]
[Round "2"]
[White "stoyan1"]
[Black "IranSilva"]
[Result "1-0"]
[WhiteElo "2008"]
[BlackElo "2050"]

1. e4 e5 2. Nf3 Nf6 3. Nxe5 d6 4. Nxf7 Kxf7 5. Nc3 Be6 6. d4 c5 7. d5 Bg4 8. Be2
Bxe2 9. Qxe2 Nbd7 10. Bf4 Be7 11. Nb5 Ne5 12. O-O-O a6 13. Nc3 Rf8 14. h3 Kg8
15. g3 Nfd7 16. h4 b5 17. f3 Bf6 18. Qg2 1-0

[Event "AUTO-MASTER-3276"]
[Site "http://www.queenalice.com/game.php?id=1870151"]
[Date "2026.3.6"]
[Round "2"]
[White "IranSilva"]
[Black "stoyan1"]
[Result "0-1"]
[WhiteElo "2032"]
[BlackElo "2026"]

1. d4 e5 2. dxe5 d6 3. exd6 Bxd6 4. Nf3 Nc6 5. Nc3 Nf6 6. Bg5 Be6 7. Qd2 h6 8.
Bxf6 Qxf6 9. e4 Ne5 10. Be2 O-O-O 11. Qe3 c5 12. O-O Ng4 13. Qc1 h5 14. h3 Ne5
15. Nxe5 Bxe5 16. Na4 b6 17. c3 Qf4 0-1

[Event "AUTO-MASTER-3303"]
[Site "http://www.queenalice.com/game.php?id=1872345"]
[Date "2026.4.23"]
[Round "1"]
[White "arvo1938"]
[Black "stoyan1"]
[Result "1-0"]
[WhiteElo "2194"]
[BlackElo "2053"]

1. f4 Nc6 2. Nf3 d6 3. e4 f6 4. Bb5 Bd7 5. O-O a6 6. Bxc6 Bxc6 7. d3 Nh6 8. f5
Qd7 9. Bxh6 gxh6 10. Nd4 b5 11. Ne6 Qc8 12. Nd2 Kd7 13. d4 Qe8 14. d5 Bb7 15.
Rc1 Kc8 16. Nf3 Kb8 17. Nfd4 h5 18. Qd2 c5 19. dxc6 Bxc6 20. Qa5 Qd7 21. c4 Bh6
22. Rce1 Kc8 23. Rf3 Kb7 24. c5 Rab8 25. Ra3 Kc8 26. cxd6 exd6 27. Nxc6 Ra8 28.
Qb6 Qb7 29. Ne7+ Qxe7 30. Rc3+ 1-0

[Event "AUTO-MASTER-3303"]
[Site "http://www.queenalice.com/game.php?id=1872346"]
[Date "2026.4.23"]
[Round "1"]
[White "stoyan1"]
[Black "arvo1938"]
[Result "0-1"]
[WhiteElo "2039"]
[BlackElo "2227"]

1. e4 c5 2. Nf3 Nc6 3. c3 e6 4. d4 cxd4 5. cxd4 d5 6. e5 Nge7 7. Bb5 Bd7 8. a4
a6 9. Bd3 Qb6 10. Bc2 Nb4 11. O-O Nxc2 12. Qxc2 Nc6 13. Be3 Be7 14. Nbd2 Rc8 15.
Qb3 Qxb3 16. Nxb3 Nb4 17. Nc5 Bxc5 18. dxc5 Nc2 19. Rac1 Nxe3 20. fxe3 Bxa4 21.
Nd4 O-O 22. Rc3 Bd7 23. b4 f6 24. Nf3 Bb5 25. Rd1 Be2 26. Rd2 Bxf3 27. gxf3 fxe5
28. Kf2 e4 29. f4 g5 30. Kg3 gxf4+ 31. exf4 Rc7 32. Rf2 Rg7+ 33. Kh4 d4 34. Rg3
d3 35. Rxg7+ Kxg7 36. Rg2+ Kf6 37. Rd2 e5 38. Kg3 Rg8+ 39. Kf2 exf4 40. Rb2 Ke5
41. b5 axb5 42. Rxb5 Kd5 43. Rxb7 Kxc5 44. Rxh7 Rf8 45. Rc7+ Kd6 46. Rh7 e3+ 47.
Kf3 d2 48. Ke2 f3+ 49. Kd1 Rc8 0-1

[Event "AUTO-MASTER-3303"]
[Site "http://www.queenalice.com/game.php?id=1872357"]
[Date "2026.4.23"]
[Round "1"]
[White "josebaron"]
[Black "stoyan1"]
[Result "1/2-1/2"]
[WhiteElo "2183"]
[BlackElo "2043"]

1. e4 e5 2. Nf3 Nc6 3. Bb5 Nd4 4. Nxd4 exd4 5. O-O c6 6. Bc4 d6 7. d3 Be6 8.
Bxe6 fxe6 9. Nd2 Nf6 10. Nf3 e5 11. c4 Be7 12. Bg5 h6 13. Bxf6 gxf6 14. Nh4 h5
15. Ng6 Rh6 16. Nxe7 Qxe7 17. f4 O-O-O 18. f5 Rg8 19. b4 h4 20. a4 Qg7 21. Rf2
Qg5 22. b5 c5 23. a5 Rh7 24. a6 b6 25. Raa2 Rhg7 26. Qf3 Kd7 27. Rac2 Qh6 28.
Kf1 Rg4 29. Ke1 Rf4 30. Qe2 Qg5 31. Kd1 Ke7 32. Qf1 Qg4+ 33. Kc1 Rxf2 1/2-1/2

[Event "AUTO-MASTER-3303"]
[Site "http://www.queenalice.com/game.php?id=1872358"]
[Date "2026.4.23"]
[Round "1"]
[White "stoyan1"]
[Black "josebaron"]
[Result "0-1"]
[WhiteElo "2049"]
[BlackElo "2194"]

1. e4 e5 2. Ne2 Nf6 3. d4 exd4 4. e5 Ng4 5. Qxd4 d6 6. f4 dxe5 7. Qxd8+ Kxd8 8.
fxe5 Nxe5 9. b3 f6 10. Bb2 Bf5 11. Nd4 Be4 12. Nd2 Bg6 13. O-O-O Ng4 14. Ne6+
Kc8 15. Ne4 Nd7 16. h3 Ne3 17. Re1 Nxf1 18. Rhxf1 b6 19. Nc3 Bb4 20. Nxc7 Bxc3
21. Nxa8 Bxe1 22. Rxe1 Re8 23. Rd1 Re2 24. Rd2 Rxd2 25. Kxd2 Kb7 26. Nxb6 axb6
27. b4 b5 28. Bd4 Be4 29. g4 g5 30. c3 Bg2 31. Ke2 Bxh3 32. Kf3 Kc6 0-1